Pokémon - Attaques à haut taux de critiques - Statistiques

Statistiques générales
  • Ce quiz a été pris 122 fois
    119 depuis la dernière actualisation
  • Le résultat moyen est 10 sur 20
Statistiques - réponses
Type de quiz Catégorie Puissance Précision PP Capacité % Correct
Normal Physique 70 100% 20 Tranche
93%
Ténèbres Physique 70 100% 15 Tranche-Nuit
89%
Roche Physique 100 80% 5 Lame de Roc
72%
Vol Spéciale 100 95% 5 Aéroblast
65%
Combat Physique 100 80% 5 Coup-Croix
63%
Psy Physique 70 100% 20 Coupe Psy
63%
Air Spéciale 60 95% 25 Tranch'Air
63%
Plante Physique 55 95% 25 Tranch'Herbe
63%
Poison Physique 70 100% 20 Poison-Croix
61%
Spectre Physique 70 100% 15 Griffe Ombre
59%
Plante Physique 90 100% 15 Lame-Feuille
56%
Dragon Spéciale 100 95% 5 Spatio-Rift
39%
Poison Physique 50 100% 25 Queue-Poison
35%
Feu Physique 85 90% 10 Pied Brûleur
33%
Combat Physique 50 100% 25 Poing Karaté
31%
Sol Physique 80 95% 10 Tunnelier
30%
Insecte Physique 90 100% 15 Appel Attak
24%
Eau Physique 90 85% 10 Pince-Masse
22%
Électrik Spéciale 195 - 15 Giga-Tonnerre
15%
Eau Spéciale 80 100% 15 Tir de Précision
11%
Aucun quiz correspondant
Distribution des résultats
% des personnes avec chaque résultat
Percentile par nombre de réponses
Votre historique - résultats
Vous n’avez pas pris ce quiz depuis la dernière actualisation